|
|
|
|
| LEADER |
00000nam a2200000 4500 |
| 001 |
vtls012246104 |
| 003 |
SK-MaSNL |
| 005 |
20260301214024.0 |
| 008 |
231213s2022 xo odalfrnp 000 0 slo |
| 015 |
|
|
|a SNBA2024/01
|
| 020 |
|
|
|a 9788022353946
|q (brožované)
|
| 040 |
|
|
|a SNK
|b slo
|c SNK
|e rda
|
| 041 |
0 |
|
|a slo
|
| 044 |
|
|
|a xo
|c SK
|
| 072 |
|
7 |
|a 658
|x Riadenie a správa podniku
|2 konspekt
|
| 072 |
|
7 |
|a 37.016
|x Učebné osnovy. Vyučovacie predmety. Učebnice
|2 konspekt
|
| 080 |
|
|
|a 658.8
|2 2011
|
| 080 |
|
|
|a (075.3)
|2 2011
|
| 100 |
1 |
|
|a Miklošík, Andrej,
|d 1980-
|4 aut
|9 159708
|
| 245 |
1 |
0 |
|a Marketing pre stredné školy
|b modená učebnica
|c Andrej Miklošík a kolektív
|
| 250 |
|
|
|a Druhé vydanie
|
| 264 |
|
1 |
|a V Bratislave
|b Univerzita Komenského v Bratislave
|c 2022
|
| 300 |
|
|
|a 131 strán
|b farebné fotografie, grafy, ilustrácie, schémy, tabuľky
|c 29 cm
|e 1 CD-ROM
|
| 336 |
|
|
|a text
|b txt
|2 rdacontent
|
| 337 |
|
|
|a bez média
|b n
|2 rdamedia
|
| 337 |
|
|
|a počítač
|b c
|2 rdamedia
|
| 338 |
|
|
|a zväzok
|b nc
|2 rdacarrier
|
| 338 |
|
|
|a počítačový disk
|b cd
|2 rdacarrier
|
| 500 |
|
|
|a CD-ROM obsahuje videá a pdf súbory
|
| 500 |
|
|
|a Obsahuje slovník pojmov
|
| 504 |
|
|
|a Obsahuje bibliografiu na strane strane 129-131
|
| 650 |
0 |
7 |
|a marketing
|2 SNKPH
|9 2299
|
| 650 |
0 |
7 |
|a marketing
|2 SNKPHeng
|9 2299
|
| 655 |
|
7 |
|a učebnice stredných škôl
|2 SNKPH
|9 69323
|
| 655 |
|
7 |
|a Textbooks (secondary)
|2 SNKPHeng
|9 276359
|
| 700 |
1 |
|
|a Hasprová, Mária,
|d 1970-
|4 aut
|9 216442
|
| 700 |
1 |
|
|a Korčoková, Marína,
|d 1970-
|4 aut
|9 216452
|
| 700 |
1 |
|
|a Kuchta, Martin,
|d 1990-
|4 aut
|9 216455
|
| 700 |
1 |
|
|a Štarchoň, Peter,
|d 1971-
|4 aut
|9 199876
|
| 700 |
1 |
|
|a Vokounová, Dana,
|d 1962-
|4 aut
|9 216475
|
| 700 |
1 |
|
|a Žák, Štefan,
|d 1971-
|4 aut
|9 159785
|
| 700 |
1 |
|
|a Horák, Jozef
|4 rev
|9 513093
|
| 700 |
1 |
|
|a Krošláková, Janka
|4 rev
|9 366208
|
| 700 |
1 |
|
|a Skladanová, Daniela
|4 rev
|9 46829
|
| 700 |
1 |
|
|a Kuka, Miroslav
|4 bjd
|9 235811
|
| 752 |
|
|
|a Slovensko
|d Bratislava
|
| 852 |
|
|
|a Slovenská národná knižnica
|
| 919 |
|
|
|a 978-80-223-5394-6
|
| 954 |
|
|
|a odborná, vedecká literatúra pôvodná (slovenská)
|2 lita
|
| 958 |
|
|
|a NB
|
| 999 |
|
|
|c 923496
|d 925426
|
| 952 |
|
|
|a SNK
|b SNK
|y PREZ
|7 0
|p 17A1540554
|o snkSB 99873
|i snk2023/18199
|8 0
|3 Obsahuje prílohu: 1 CDr
|z Obsahuje prílohu: 1 CDr
|0 0
|1 0
|4 0
|d 2023-12-13
|f 1
|l 0
|r 2025-05-19 00:00:00
|w 2026-02-24
|
| 952 |
|
|
|a SNK
|b SNK
|y PREZ
|7 0
|p 17A1540553
|o snkSB 99873/príl.
|i snk2023/18199
|8 0
|z Príloha: 1 CDr
|0 0
|1 0
|4 0
|d 2023-12-13
|f 1
|l 0
|r 2025-05-19 00:00:00
|w 2026-02-24
|